Представление документа в формате RUSMARC

ПолеНазваниеЗначение
  Тип записи a
  Библиографический уровень m
001 Контрольный номер RU/SLIB/B/208705583
005 Дата корректировки 20241018110547.8
010 Индекс ISBN __
d Цена 41-65; 20-00
101 Язык документа 0_
a Язык текста rus
c Язык оригинала rus
200 Заглавие и сведения об ответственности 0_
a Заглавие Полное собрание поэтических сочинений
f Первые сведения об ответственности Ф. Вийон ; вступ. ст., коммент., сост. Е. В. Витковского
b Общее обозначение материала Текст
210 Выходные данные 1_
a Место издания М.
c Издательство РИПОЛ КЛАССИК
d Дата издания 1998
215 Физическое описание __
a Объем 448 с.
225 Серия 2_
a Серия Бессмертная библиотека. Зарубежные классики
320 Библиография __
a Библиография Коммент.: с. 235-436
606 Тематические рубрики __
a Основная рубрика Художественная литература
606 Тематические рубрики __
a Основная рубрика Литература Европы (произведения)
z Хронологическая подрубрика 15 в.
y Географическая подрубрика Франция
610 Ключевые слова 0_
a Ключевые слова баллады; французская литература
686 Индексы других классификаций __
2 Код системы rubbks
a Классификационный индекс 84(4Фра)-5
700 Автор _1
a Фамилия Вийон
b Имя Ф.
f Даты 1431/1432-после 1463
g Полное личное имя Франсуа
4 Код отношения 070
702 Вторичная интеллектуальная ответственность _1
a Фамилия Витковский
b Имя Е. В.
4 Код отношения Автор предисловия и т.д.
4 Код отношения 080
801 Источник записи _0
a Страна RU
b Организация Муниципальное бюджетное учреждение культуры "Централизованная библиотечная система" г. Сургут (Центральная городская библиотека им. А. С. Пушкина)
g Правила каталогизации ОБ/Бутенко
801 Источник записи _1
a Страна RU
b Организация Муниципальное бюджетное учреждение культуры "Централизованная библиотечная система" г. Сургут (Центральная городская библиотека им. А. С. Пушкина)
g Правила каталогизации ОБ/Бутенко
852 Данные о местонахождении __
j Шифр хранения 84(4Фра)-5
c Каталожный индекс 84(4Фра)-5
i Авторский знак В 42
p Инвентарный номер 72917; 75671
901 Тип документа __
t Тип документа m
903 Характеристики (МАРС) __
a Дата передачи 20000621
990 Данные о заказе (DOS) 00
j Количество экземпляров (DOS) 1; 1
t N записи в КСУ для И/У (DOS) 200001; 199901